000 00314nam a22001337a 4500
008 170614b xxu||||| |||| 00| 0 eng d
020 _a9780582020412
041 _aeng
080 _a327
100 _a19
101 _aSHP
245 _aTHE CHANGING BRITISH POLITICAL SYSTEM INTO
_cMCKAY.D
942 _2udc
_cBK
999 _c17403
_d17403